Stručný slovník tržní ekonomiky

Salvato in:
Dettagli Bibliografici
Natura: Libro
Lingua:ceco
Pubblicazione: Praha ALEKO 1991
Edizione:1. vyd.
Tags: Aggiungi Tag
Nessun Tag, puoi essere il primo ad aggiungerne!!

MARC

LEADER 00000nam a2200000 4500
001 c023284
005 20221214101739.0
041 0 |a cze 
044 |a CZ 
245 1 0 |a Stručný slovník tržní ekonomiky 
250 |a 1. vyd. 
264 1 |a Praha  |b ALEKO  |c 1991 
300 |a 57 s.